Catálogo público

Café orgánico Majomut, ubicado en el estado de Chiapas / (Record no. 175728)

MARC details
000 -CABECERA
campo de control de longitud fija 02712nam a2200469 a 4500
001 - NÚMERO DE CONTROL
campo de control dia_4929
003 - IDENTIFICADOR DEL NÚMERO DE CONTROL
campo de control CHAP
005 - FECHA Y HORA DE LA ÚLTIMA TRANSACCIÓN
campo de control 20240410134405.0
007 - CAMPO FIJO DE DESCRIPCIÓN FÍSICA--INFORMACIÓN GENERAL
campo de control de longitud fija ta
008 - DATOS DE LONGITUD FIJA--INFORMACIÓN GENERAL
campo de control de longitud fija 220117s2012 mx edmaf a001 0 spa d
040 ## - FUENTE DE LA CATALOGACIÓN
Centro/agencia transcriptor CHAP
Centro catalogador/agencia de origen mxchpua
090 ## - LOCALMENTE ASIGNADO TIPO-LC NÚMERO DE CLASIFICACIÓN (OCLC); NÚMERO DE CLASIFICACIÓN LOCAL (RLIN)
Número de clasificación (OCLC) (R) ; Numero de clasificación, CALL (RLIN) (NR) T.C.583
Número cutter local (OCLC) ; Número de libro/Signatura topográfica íntegra, CALL (RLIN) P47 EIUPA
Año 2012
245 10 - MENCIÓN DE TÍTULO
Título Café orgánico Majomut, ubicado en el estado de Chiapas /
Mención de responsabilidad, etc. coordinador Juan Pérez Barrón ; colaboradores Leidy Laura Cruz de la Cruz...[y otros]
260 ## - PUBLICACIÓN, DISTRIBUCIÓN, ETC.
Lugar de publicación, distribución, etc. México :
Nombre del editor, distribuidor, etc. El autor,
Fecha de publicación, distribución, etc. 2012
300 ## - DESCRIPCIÓN FÍSICA
Extensión 99 hojas :
Otras características físicas ilustraciones, mapas, diagramas, tablas, planos, fotos
336 ## - TIPO DE CONTENIDO
Fuente rdacontent
Término de tipo de contenido texto
Código de tipo de contenido txt
337 ## - TIPO DE MEDIO
Fuente rdamedia
Nombre/término del tipo de medio no mediado
Código del tipo de medio n
338 ## - TIPO DE SOPORTE
Fuente rdacarrier
Nombre/término del tipo de soporte volumen
Código del tipo de soporte nc
500 ## - NOTA GENERAL
Nota general Grado 7° Grupo 2<br/>El Cd. contiene reporte y planos.
502 ## - NOTA DE TESIS
Nota de tesis Viaje de estudios
Tipo de título (EIUPA) --
Nombre de la institución que otorga el título UACh. Departamento de Ingeniería Agroindustrial,
Año de obtención del título 2012
504 ## - NOTA DE BIBLIOGRAFÍA, ETC.
Nota de bibliografía, etc. Bibliografía: hoja 99
505 00 - NOTA DE CONTENIDO CON FORMATO
Nota de contenido con formato 6 planos -- <br/>1. Plano de distribución de áreas (Esc. 1:150) -- <br/>2. Plano de distribución de áreas (Esc. 1:100) -- <br/>3. Diagrama y equipo de proceso del beneficio del café Majomut -- <br/>4. Plano de iluminación (Esc. 1:140) -- <br/>5. Plano de distribución de áreas (Esc. 1:180) -- <br/>6. Propuesta de tubería en isométrico y conexión eléctrica laboratorio Majomut (Esc. 1:110)
650 13 - PUNTO DE ACCESO ADICIONAL DE MATERIA--TÉRMINO DE MATERIA
Término de materia o nombre geográfico como elemento de entrada Café
9 (RLIN) 17085
650 13 - PUNTO DE ACCESO ADICIONAL DE MATERIA--TÉRMINO DE MATERIA
Término de materia o nombre geográfico como elemento de entrada Industria de los alimentos
Subdivisión geográfica México
-- Chiapas
650 13 - PUNTO DE ACCESO ADICIONAL DE MATERIA--TÉRMINO DE MATERIA
Término de materia o nombre geográfico como elemento de entrada Coffee
9 (RLIN) 147895
650 13 - PUNTO DE ACCESO ADICIONAL DE MATERIA--TÉRMINO DE MATERIA
Término de materia o nombre geográfico como elemento de entrada Food industry
Subdivisión geográfica México
-- Chiapas
700 1# - PUNTO DE ACCESO ADICIONAL--NOMBRE DE PERSONA
Nombre de persona Cruz de la Cruz, Leidy Laura
9 (RLIN) 29357
Término indicativo de función/relación colaboradora
700 1# - PUNTO DE ACCESO ADICIONAL--NOMBRE DE PERSONA
Nombre de persona Pérez Barrón, Juan
9 (RLIN) 148338
Término indicativo de función/relación coordinador
856 ## - LOCALIZACIÓN Y ACCESO ELECTRÓNICOS
Identificador Uniforme del Recurso <a href="http://10.13.5.2/ve/TC583EIUPA/TC583EIUPA2012-REPORTE.pdf">http://10.13.5.2/ve/TC583EIUPA/TC583EIUPA2012-REPORTE.pdf</a>
Texto de enlace Descargar REPORTE
856 ## - LOCALIZACIÓN Y ACCESO ELECTRÓNICOS
Identificador Uniforme del Recurso <a href="http://10.13.5.2/ve/TC583EIUPA/TC583EIUPA2012-PLANO-DISTRIBUCIONDEAREAS1.pdf">http://10.13.5.2/ve/TC583EIUPA/TC583EIUPA2012-PLANO-DISTRIBUCIONDEAREAS1.pdf</a>
Texto de enlace DESCARGAR Plano de distribución de áreas 1
856 ## - LOCALIZACIÓN Y ACCESO ELECTRÓNICOS
Identificador Uniforme del Recurso <a href="http://10.13.5.2/ve/TC583EIUPA/TC583EIUPA2012-PLANO-DISTRIBUCIONDEAREAS2.pdf">http://10.13.5.2/ve/TC583EIUPA/TC583EIUPA2012-PLANO-DISTRIBUCIONDEAREAS2.pdf</a>
Texto de enlace DESCARGAR Plano de distribución de áreas 2
856 ## - LOCALIZACIÓN Y ACCESO ELECTRÓNICOS
Identificador Uniforme del Recurso <a href="http://10.13.5.2/ve/TC583EIUPA/TC583EIUPA2012-PLANO-DIAGRAMAYEQUIPODEPROCESO.pdf">http://10.13.5.2/ve/TC583EIUPA/TC583EIUPA2012-PLANO-DIAGRAMAYEQUIPODEPROCESO.pdf</a>
Texto de enlace DESCARGAR Diagrama y equipo de proceso
856 ## - LOCALIZACIÓN Y ACCESO ELECTRÓNICOS
Identificador Uniforme del Recurso <a href="http://10.13.5.2/ve/TC583EIUPA/TC583EIUPA2012-PLANO-ILUMINACION.pdf">http://10.13.5.2/ve/TC583EIUPA/TC583EIUPA2012-PLANO-ILUMINACION.pdf</a>
Texto de enlace DESCARGAR Plano de iluminación
856 ## - LOCALIZACIÓN Y ACCESO ELECTRÓNICOS
Identificador Uniforme del Recurso <a href="http://10.13.5.2/ve/TC583EIUPA/TC583EIUPA2012-PLANO-DISTRIBUCIONDEAREA3.pdf">http://10.13.5.2/ve/TC583EIUPA/TC583EIUPA2012-PLANO-DISTRIBUCIONDEAREA3.pdf</a>
Texto de enlace DESCARGAR Plano de distribución de áreas 3
856 ## - LOCALIZACIÓN Y ACCESO ELECTRÓNICOS
Identificador Uniforme del Recurso <a href="http://10.13.5.2/ve/TC583EIUPA/TC583EIUPA2012-PLANO-PROPUESTADETUBERIA.pdf">http://10.13.5.2/ve/TC583EIUPA/TC583EIUPA2012-PLANO-PROPUESTADETUBERIA.pdf</a>
Texto de enlace DESCARGAR Propuesta de tubería en isométrico y conexión eléctrica
942 ## - ELEMENTOS DE PUNTO DE ACCESO ADICIONAL (KOHA)
Fuente del sistema de clasificación o colocación Clasificación Universidad Autónoma de Chapingo
901 ## - ELEMENTOS DE DATOS A LOCAL LDA (RLIN)
a T.C.583 P47 EIUPA 2012
902 ## - ELEMENTOS DE DATOS B LOCAL, LDB (RLIN)
a M
905 ## - ELEMENTOS DE DATOS E LOCAL, LDE (RLIN)
a 5212272012 MX anel8223223322SPA16
942 ## - ELEMENTOS DE PUNTO DE ACCESO ADICIONAL (KOHA)
Tipo de ítem Koha Viaje de Estudios
Holdings
Estado de retiro Estado de pérdida Fuente del sistema de clasificación o colocación Estado dañado Restricciones de uso No para préstamo Código de colección Localización permanente Ubicación/localización actual Fecha de adquisición Fuente de adquisición Total de préstamos Signatura topográfica completa Código de barras Fecha visto por última vez Número de copia Tipo de ítem Koha Ubicación en estantería Precio válido a partir de
    Clasificación Universidad Autónoma de Chapingo   Préstamo interno   Viajes de Estudio Ingenieria Agroindustrial Ingenieria Agroindustrial 18/01/2022 El autor   T.C.583 P47 EIUPA 2012 1106006983 18/01/2022 Ej. 3 CD    
    Clasificación Universidad Autónoma de Chapingo   Préstamo interno   Viajes de Estudio Ingenieria Agroindustrial Ingenieria Agroindustrial 18/01/2022 El autor   T.C.583 P47 EIUPA 2012 1106007000 26/01/2026 Ej. 1 Viaje de Estudios    
    Clasificación Universidad Autónoma de Chapingo   Préstamo 5 días   Viajes de Estudio Ingenieria Agroindustrial Ingenieria Agroindustrial 20/06/2022 El autor   T.C.583 P47 EIUPA 2012 1106013343 26/01/2026 Ej. 2 Viaje de Estudios    
    Clasificación Universidad Autónoma de Chapingo       Viajes de estudio - En línea Ingenieria Agroindustrial Ingenieria Agroindustrial 20/02/2023 El autor   T.C.583 P47 EIUPA 2012 1206007000 20/02/2023   Viajes de Estudio - En línea En línea 20/02/2023